El delito de agresiones contra la mujer y entorno familiar : (Registro nro. 21726)
[ vista simple ]
| 000 -Cabecera | |
|---|---|
| Campo de control interno | 00781nam a2200229Ia 4500 |
| 005 - Fecha y hora del registro | |
| control field | 20260407113508.0 |
| 008 - Elementos de Longitud Fija | |
| fixed length control field | 260320s9999||||xx |||||||||||||| ||und|| |
| 020 ## - ISBN | |
| ISBN | 9786123331580 |
| 041 ## - Idioma | |
| Codigo Idioma | ESP |
| 082 ## - DEWEY y NOTACIÓN INTERNA | |
| Dewey | 344.524 |
| Notación Interna | R68 |
| 100 ## - AUTOR | |
| Autor denominación | Rivas la Madrid, Sofia, |
| Término de relación | autor |
| 245 #0 - TÍTULO DE MATERIAL BIBLIOGRÁFICO | |
| Título | El delito de agresiones contra la mujer y entorno familiar : |
| Título paralelo | el contexto coercitivo y sus características |
| 250 ## - EDICIÓN | |
| Edición | Primera edición |
| 260 ## - CIUDAD, EDITORIAL, AÑO | |
| Ciudad | Lima : |
| Nombre de la Editorial | Gaceta Jurídica, |
| Año | 2025 |
| 300 ## - DESCRIPCIÓN | |
| N° Páginas | 367 páginas : |
| Otros detalles | cuadros ; |
| Dimensiones | 25 cm. |
| 650 ## - TEMAS | |
| Temas | Ciencias Sociales |
| 653 ## - DESCRIPTORES | |
| Lenguajes no controlado | Derecho; Derecho penal; Delito de agresiones contra la mujer |
| 654 ## - PROGRAMAS | |
| Programa | Dpto. de Derecho y Ciencia Política |
| 856 ## - URL - UBICACIÓN | |
| URI/URL: Enlace exacto del recurso | <a href="https://www-jstor-org.ucsp.lookproxy.com/">https://www-jstor-org.ucsp.lookproxy.com/</a> |
| Nota pública: Versión digital | <a href="Véase además: Base de datos JSTOR">Véase además: Base de datos JSTOR</a> |
| 942 ## - ELEMENTOS DE KOHA | |
| Tipo de documento | Libro |
| Nombre del creador | Justo Noguera |
| Código de catalogador | Mirtha Ponce |
| Esquema de clasificación | Dewey Decimal Classification |
| Codigo completo | Registro | Colección | Copia número | Disponibilidad | Tipo de préstamo | Biblioteca Actual | Procedencia (Biblioteca) | Ubicacón | Fecha Ingreso | Tipo de Adquisición | Date last seen | Total checkouts | Price effective from | Tipo de Item | Estado del Material | Fuente de Clasificación | Damaged status | Withdrawn status |
|---|---|---|---|---|---|---|---|---|---|---|---|---|---|---|---|---|---|---|
| 344.524 R68 | 1085273 | Universidad Católica San Pablo | 1 | Disponible | Disponible | Víctor Andrés Belaunde | Víctor Andrés Belaunde | Primer piso | 07/04/2026 | Suscripción | 07/04/2026 | 07/04/2026 | Libro | Bueno | Dewey Decimal Classification |




